[Event "Asia Club-ch Hybrid"]
[Site "Tornelo INT"]
[Date "2021.11.03"]
[Round "1.3"]
[White "Lee, Jun Wei"]
[Black "Sanviru, GHA Dulnith"]
[Result "1-0"]
[WhiteElo "2230"]
[BlackElo "1063"]
[PlyCount "95"]
[EventDate "2021.11.03"]
[EventType "team-swiss"]
[EventRounds "9"]
[EventCountry "NET"]
[SourceTitle "CBM 205 Extra"]
[Source "ChessBase"]
[SourceDate "2022.01.31"]
[SourceVersion "1"]
[SourceVersionDate "2022.01.31"]
[SourceQuality "1"]
[WhiteTeam "SG Chess Hub"]
[BlackTeam "Super Knight CC II"]
[WhiteTeamCountry "SIN"]
[BlackTeamCountry "SRI"]

1. d4 d5 2. c4 e6 3. Nf3 Nf6 4. g3 dxc4 5. Bg2 Bb4+ 6. Bd2 Bxd2+ 7. Qxd2 Nc6 8. 0-0 0-0 9. Rc1 Ne4 10. Qf4 Nd6 11. Nbd2 Na5 12. Ne5 Nf5 13. e3 c5 14. Nexc4 cxd4 15. Nxa5 Qxa5 16. exd4 Qb4 17. Nc4 Rd8 18. Qc7 Rxd4 19. Rd1 Bd7 20. Rxd4 Nxd4 21. Rd1 e5 22. Nxe5 Be6 23. Qxb7 Qxb7 24. Bxb7 Rd8 25. Kg2 Nc6 26. Rxd8+ Nxd8 27. Be4 Bxa2 28. b4 f6 29. Nd7 Ne6 30. f4 Kf7 31. Nb8 Nd4 32. Kf2 Nb5 33. Ke3 Nd6 34. Bd3 Nc4+ 35. Kd4 Nd6 36. Nc6 Nc8 37. Ba6 Be6 38. Nd8+ Ke7 39. Nxe6 Kxe6 40. Bxc8+ Kd6 41. h4 h6 42. h5 Kc6 43. Kc4 Kb6 44. Bf5 a5 45. b5 a4 46. Bd3 a3 47. Kb3 a2 48. Kxa2 1-0

[Event "New York-Singapore Online"]
[Site "chess24.com INT"]
[Date "2020.05.31"]
[Round "1.16"]
[White "Lee, Jun Wei"]
[Black "Tian, Eddy"]
[Result "0-1"]
[WhiteElo "2230"]
[BlackElo "2204"]
[PlyCount "82"]
[EventDate "2020.05.31"]
[EventType "team-match (rapid)"]
[EventRounds "2"]
[EventCountry "USA"]
[SourceTitle "CBM 196 Extra"]
[Source "ChessBase"]
[SourceDate "2020.07.31"]
[SourceVersion "1"]
[SourceVersionDate "2020.07.31"]
[SourceQuality "1"]
[WhiteTeam "Singapore"]
[BlackTeam "New York"]
[WhiteTeamCountry "SIN"]
[BlackTeamCountry "USA"]

1. d4 Nf6 2. Nf3 g6 3. g3 Bg7 4. Bg2 0-0 5. 0-0 d6 6. b3 a5 7. Bb2 a4 8. c4 c6 9. b4 Be6 10. Nfd2 d5 11. c5 Nbd7 12. a3 Ne8 13. e3 b5 14. Nc3 Qc7 15. e4 dxe4 16. Ndxe4 Nef6 17. Re1 Nxe4 18. Nxe4 Bb3 19. Qc1 Nf6 20. Nc3 Rad8 21. Qe3 e6 22. h3 Nd5 23. Nxd5 Bxd5 24. Rad1 Bxg2 25. Kxg2 Rd5 26. Rd3 Rfd8 27. Red1 R8d7 28. Kf1 Qd8 29. Ke2 h5 30. Qe4 Kh7 31. Bc3 h4 32. g4 f5 33. Qe3 fxg4 34. hxg4 e5 35. dxe5 Rxd3 36. Rxd3 Rxd3 37. Qxd3 Qxd3+ 38. Kxd3 h3 39. e6 Kg8 40. e7 Kf7 41. Bxg7 h2 0-1

[Event "New York-Singapore Online"]
[Site "chess24.com INT"]
[Date "2020.05.31"]
[Round "2.16"]
[White "Tian, Eddy"]
[Black "Lee, Jun Wei"]
[Result "1-0"]
[WhiteElo "2204"]
[BlackElo "2230"]
[PlyCount "99"]
[EventDate "2020.05.31"]
[EventType "team-match (rapid)"]
[EventRounds "2"]
[EventCountry "USA"]
[SourceTitle "CBM 196 Extra"]
[Source "ChessBase"]
[SourceDate "2020.07.31"]
[SourceVersion "1"]
[SourceVersionDate "2020.07.31"]
[SourceQuality "1"]
[WhiteTeam "New York"]
[BlackTeam "Singapore"]
[WhiteTeamCountry "USA"]
[BlackTeamCountry "SIN"]

1. d4 d5 2. c4 c6 3. e3 Nf6 4. Nc3 a6 5. Nf3 b5 6. b3 Bg4 7. Be2 e6 8. 0-0 Bd6 9. h3 Bh5 10. Bb2 0-0 11. Ne5 Bxe2 12. Qxe2 Qe7 13. Rfd1 Rc8 14. Rac1 Nbd7 15. Nxd7 Qxd7 16. e4 Bb4 17. e5 Ne8 18. c5 Ba5 19. Rd3 Bd8 20. f4 a5 21. Rf1 a4 22. g4 axb3 23. axb3 g6 24. f5 exf5 25. gxf5 Ng7 26. f6 Ne6 27. Qe3 Qe8 28. Ne2 Ra2 29. Rd2 Qf8 30. Kh2 Bc7 31. Rg1 Re8 32. Kh1 b4 33. Nc1 Ra7 34. Nd3 Rb7 35. Rdg2 Bd8 36. h4 Nc7 37. Qf3 Qh6 38. h5 Ne6 39. Bc1 Qf8 40. Rg4 Kh8 41. Qh3 Kg8 42. hxg6 fxg6 43. Rxg6+ hxg6 44. Rxg6+ Ng7 45. Bh6 Ree7 46. Bxg7 Rxg7 47. fxg7 Rxg7 48. Rh6 Qe7 49. Rh8+ Kf7 50. Qf5+ 1-0

[Event "Olympiad-43"]
[Site "Batumi"]
[Date "2018.09.24"]
[Round "1.80"]
[White "Rita, Jose"]
[Black "Lee, Jun Wei"]
[Result "0-1"]
[WhiteElo "1695"]
[BlackElo "2134"]
[PlyCount "86"]
[EventDate "2018.09.24"]
[EventType "team-swiss"]
[EventRounds "11"]
[EventCountry "GEO"]
[SourceTitle "CBM 187"]
[Source "ChessBase"]
[SourceDate "2018.12.11"]
[SourceVersion "1"]
[SourceVersionDate "2018.12.11"]
[SourceQuality "1"]
[WhiteTeam "Sao Tome and Principe"]
[BlackTeam "Singapore"]
[WhiteTeamCountry "SAO"]
[BlackTeamCountry "SIN"]

1. c4 c6 2. d4 d5 3. cxd5 cxd5 4. Nc3 Nc6 5. Nf3 Nf6 6. g3 Bf5 7. a3 e6 8. Bg2 Bd6 9. Nh4 Bg4 10. 0-0 0-0 11. Nf3 Rc8 12. Na4 b5 13. Nc5 Qe7 14. b4 a5 15. Rb1 Rfd8 16. h3 Bf5 17. Rb2 Ne4 18. Nh4 Bxc5 19. bxc5 Qf6 20. Nxf5 Qxf5 21. e3 e5 22. Qd3 b4 23. axb4 axb4 24. Bd2 exd4 25. exd4 Qf6 26. Bxb4 Nxd4 27. Bxe4 dxe4 28. Qc3 Qe6 29. Kg2 Nf3 30. Rc2 Rd3 31. Qc4 Qf5 32. h4 Nxh4+ 33. Kh2 Nf3+ 34. Kg2 Ng5 35. Rh1 Rd1 36. Rc3 Rxh1 37. Kxh1 Qh3+ 38. Kg1 Nf3+ 39. Rxf3 exf3 40. Qf1 Qxf1+ 41. Kxf1 Rb8 42. Bd2 Rb1+ 43. Be1 Rc1 0-1

[Event "Prague op 17th"]
[Site "Prague"]
[Date "2018.01.12"]
[Round "1"]
[White "Lee, Jun Wei"]
[Black "Pena Gomez, Manuel"]
[Result "0-1"]
[WhiteElo "2064"]
[BlackElo "2491"]
[PlyCount "80"]
[EventDate "2018.01.12"]
[EventType "swiss"]
[EventRounds "9"]
[EventCountry "CZE"]
[SourceTitle "CBM 182 Extra"]
[Source "ChessBase"]
[SourceDate "2018.02.23"]
[SourceVersion "1"]
[SourceVersionDate "2018.02.23"]
[SourceQuality "1"]

1. d4 Nf6 2. c4 c5 3. d5 e6 4. Nc3 exd5 5. cxd5 d6 6. e4 g6 7. Bd3 Bg7 8. h3 0-0 9. Nf3 Nh5 10. 0-0 Nd7 11. Bg5 Bf6 12. Be3 a6 13. a4 Rb8 14. Nd2 Bg7 15. a5 Qh4 16. f4 b5 17. axb6 Rxb6 18. Ra2 Rb4 19. Nc4 Bd4 20. Bxd4 cxd4 21. Ne2 Nc5 22. Qd2 Rb3 23. Nc1 Ng3 24. Nxb3 Nxf1 25. Bxf1 Nxb3 26. Qf2 Qxf2+ 27. Kxf2 Rd8 28. Kf3 f5 29. exf5 Bb7 30. Nb6 Nd2+ 31. Ke2 Nxf1 32. Kxf1 gxf5 33. Ra4 d3 34. Rd4 a5 35. Nc4 Ba6 36. Ne3 Rb8 37. Nd1 Rc8 38. Nc3 a4 39. Nxa4 d2+ 40. Kf2 Rc4 0-1

[Event "Penang op-A 9th"]
[Site "Penang"]
[Date "2017.12.08"]
[Round "7"]
[White "Bidhar, Rutumbara"]
[Black "Lee, Jun Wei"]
[Result "1/2-1/2"]
[WhiteElo "1922"]
[BlackElo "2055"]
[PlyCount "39"]
[EventDate "2017.12.04"]
[EventType "swiss"]
[EventRounds "9"]
[EventCountry "MAS"]
[SourceTitle "CBM 182 Extra"]
[Source "ChessBase"]
[SourceDate "2018.02.23"]
[SourceVersion "1"]
[SourceVersionDate "2018.02.23"]
[SourceQuality "1"]

1. d4 d5 2. c4 c6 3. Nf3 Nf6 4. e3 a6 5. b3 Bg4 6. Be2 e6 7. 0-0 Bd6 8. Nbd2 Nbd7 9. Bb2 Qb8 10. h3 Bh5 11. Nh4 Be7 12. Qc2 Bb4 13. Nhf3 0-0 14. e4 dxe4 15. Nxe4 Qf4 16. Nxf6+ Nxf6 17. a3 Bd6 18. Rfe1 Rad8 19. Rad1 Bb8 20. Qc3 1/2-1/2

[Event "Penang op-A 9th"]
[Site "Penang"]
[Date "2017.12.07"]
[Round "6"]
[White "Lee, Jun Wei"]
[Black "Arfan, Aditya Bagus"]
[Result "1/2-1/2"]
[WhiteElo "2055"]
[BlackElo "1721"]
[PlyCount "79"]
[EventDate "2017.12.04"]
[EventType "swiss"]
[EventRounds "9"]
[EventCountry "MAS"]
[SourceTitle "CBM 182 Extra"]
[Source "ChessBase"]
[SourceDate "2018.02.23"]
[SourceVersion "1"]
[SourceVersionDate "2018.02.23"]
[SourceQuality "1"]

1. d4 d5 2. c4 c6 3. Nf3 Nf6 4. cxd5 cxd5 5. Nc3 Nc6 6. Bf4 Bf5 7. e3 a6 8. Ne5 Qb6 9. Qb3 Qxb3 10. axb3 Rc8 11. Bd3 Bxd3 12. Nxd3 e6 13. f3 Nb4 14. Kd2 Nxd3 15. Kxd3 Bb4 16. g4 Nd7 17. Na2 Be7 18. Rhc1 0-0 19. Nc3 Rc6 20. Ne2 Rfc8 21. Rxc6 Rxc6 22. Rc1 Kf8 23. e4 Ke8 24. h3 Nb6 25. Bd2 Rxc1 26. Nxc1 dxe4+ 27. fxe4 Nd7 28. b4 Nb8 29. Nb3 b6 30. Kc4 Nd7 31. g5 Bd6 32. b5 a5 33. Nc1 Kd8 34. Nd3 f6 35. Nf4 Ke7 36. h4 fxg5 37. hxg5 Bxf4 38. Bxf4 e5 39. Be3 Kd6 40. Kd3 1/2-1/2

[Event "Penang op-A 9th"]
[Site "Penang"]
[Date "2017.12.05"]
[Round "3"]
[White "Li, Bo"]
[Black "Lee, Jun Wei"]
[Result "1-0"]
[WhiteElo "2344"]
[BlackElo "2055"]
[PlyCount "89"]
[EventDate "2017.12.04"]
[EventType "swiss"]
[EventRounds "9"]
[EventCountry "MAS"]
[SourceTitle "CBM 182 Extra"]
[Source "ChessBase"]
[SourceDate "2018.02.23"]
[SourceVersion "1"]
[SourceVersionDate "2018.02.23"]
[SourceQuality "1"]

1. e4 e6 2. d4 d5 3. Nd2 Nf6 4. e5 Nfd7 5. Bd3 c5 6. c3 Nc6 7. Ne2 cxd4 8. cxd4 f6 9. exf6 Qxf6 10. Nf3 h6 11. a3 Bd6 12. Bc2 g5 13. h3 Nf8 14. Qd3 Bd7 15. b4 a6 16. 0-0 Rg8 17. Ng3 Ng6 18. Re1 Nce7 19. Nh5 Qh8 20. Qe2 0-0-0 21. Ne5 Bxe5 22. dxe5 Nc6 23. Bb2 Nf4 24. Nxf4 gxf4 25. Qf3 Qg7 26. Bd3 Kb8 27. Bf1 Qg5 28. Bc3 Rdf8 29. a4 d4 30. Bd2 Nxe5 31. Qe4 Ng6 32. b5 Nh4 33. Kh1 Rf5 34. Reb1 a5 35. g3 e5 36. Bc4 Rg7 37. Rg1 Nf3 38. Qxf3 fxg3 39. Bxg5 Rxf3 40. Bh4 g2+ 41. Rxg2 Rxh3+ 42. Rh2 Rc3 43. Bf6 Rg4 44. Bxe5+ Ka7 45. f3 1-0

[Event "Tagaytay City zt 3.3"]
[Site "Tagaytay City"]
[Date "2017.02.25"]
[Round "1"]
[White "Lee, Jun Wei"]
[Black "Laylo, Darwin"]
[Result "1/2-1/2"]
[WhiteElo "2137"]
[BlackElo "2445"]
[PlyCount "83"]
[EventDate "2017.02.25"]
[EventType "swiss"]
[EventRounds "9"]
[EventCountry "PHI"]
[SourceTitle "CBM 177 Extra"]
[Source "ChessBase"]
[SourceDate "2017.04.27"]
[SourceVersion "1"]
[SourceVersionDate "2017.04.27"]
[SourceQuality "1"]

1. d4 Nf6 2. Bg5 d5 3. e3 c5 4. c3 Nc6 5. Nf3 Qb6 6. Qc1 Bf5 7. Nbd2 Rc8 8. Be2 h6 9. Bxf6 gxf6 10. 0-0 cxd4 11. Nxd4 Bd7 12. Qb1 Rg8 13. Rd1 e6 14. Nf1 f5 15. Qc2 Be7 16. Nxc6 Qxc6 17. Bf3 Qa4 18. Qd2 Bf6 19. Ng3 Rc7 20. Ne2 Kd8 21. Nf4 Kc8 22. Rdc1 Kb8 23. Bd1 Qa6 24. a4 Rgc8 25. Be2 Qd6 26. a5 a6 27. Ra3 Bb5 28. Rb3 Bxe2 29. Nxe2 Rc5 30. Ra1 Qc7 31. Nd4 Ka8 32. Rba3 Rc4 33. Ra4 Rxa4 34. Rxa4 Qd7 35. Ra1 Rc4 36. Qd1 Qc7 37. g3 Rc5 38. Qh5 Bg7 39. Kg2 Ka7 40. Ra4 Rc4 41. Rxc4 dxc4 42. h3 1/2-1/2

[Event "Penang op 8th"]
[Site "Penang"]
[Date "2016.12.09"]
[Round "8"]
[White "Tan, Soon Wei Dawson"]
[Black "Lee, Jun Wei"]
[Result "0-1"]
[WhiteElo "1889"]
[BlackElo "2093"]
[PlyCount "90"]
[EventDate "2016.12.05"]
[EventType "swiss"]
[EventRounds "9"]
[EventCountry "MAS"]
[SourceTitle "CBM 176 Extra"]
[Source "ChessBase"]
[SourceDate "2017.03.02"]
[SourceVersion "1"]
[SourceVersionDate "2017.03.02"]
[SourceQuality "1"]

1. e4 e6 2. d4 d5 3. Nc3 dxe4 4. Nxe4 Nd7 5. Nf3 Ngf6 6. Bd3 Nxe4 7. Bxe4 Nf6 8. Bg5 Be7 9. Bd3 h6 10. Bh4 c5 11. c3 0-0 12. 0-0 b6 13. Qe2 Bb7 14. Bxf6 Bxf6 15. dxc5 bxc5 16. Rfd1 Qc7 17. Rd2 Rab8 18. Be4 Qf4 19. Bxb7 Rxb7 20. Rad1 Qb8 21. Rc2 Rd8 22. Rxd8+ Qxd8 23. Nd2 Rd7 24. h3 Rd3 25. Ne4 Be5 26. Rd2 c4 27. Rxd3 cxd3 28. Qe3 Qd7 29. Kf1 Qb5 30. Ke1 Qxb2 31. Qxd3 Qa1+ 32. Ke2 Qxa2+ 33. Kf3 Qd5 34. Ke3 f5 35. Nd2 Bf4+ 36. Ke2 Qxd3+ 37. Kxd3 Bxd2 38. Kxd2 e5 39. Kd3 Kf7 40. Kc4 Ke6 41. Kc5 g5 42. Kc6 e4 43. Kc5 Ke5 44. Kc4 f4 45. g3 f3 0-1

[Event "World ol U16"]
[Site "Poprad"]
[Date "2016.07.28"]
[Round "8.4"]
[White "Lee, Jun Wei"]
[Black "Vrtiakova, Anna"]
[Result "1-0"]
[WhiteElo "1856"]
[BlackElo "2044"]
[PlyCount "113"]
[EventDate "2016.07.22"]
[EventType "team-swiss"]
[EventRounds "9"]
[EventCountry "SVK"]
[SourceTitle "EXT 2017"]
[Source "ChessBase"]
[SourceDate "2016.10.25"]
[SourceVersion "1"]
[SourceVersionDate "2016.10.25"]
[SourceQuality "1"]
[WhiteTeam "Singapore"]
[BlackTeam "Slovakia"]
[WhiteTeamCountry "SIN"]
[BlackTeamCountry "SVK"]

1. d4 d5 2. c4 e6 3. Nc3 Nf6 4. Bg5 Nbd7 5. Nf3 c6 6. cxd5 exd5 7. Qc2 h6 8. Bf4 Nh5 9. Bd2 Bd6 10. e3 Qe7 11. h3 Nb6 12. Be2 Nf6 13. Bd3 0-0 14. 0-0 Re8 15. Ne1 Ne4 16. Bxe4 dxe4 17. f3 Bf5 18. Qb3 Be6 19. Qc2 Bc4 20. fxe4 Bxf1 21. Kxf1 Bb4 22. e5 f6 23. Nf3 Nc4 24. Qb3 b5 25. Nxb5 cxb5 26. Bxb4 Qf7 27. e4 fxe5 28. d5 a5 29. Bc3 Nd6 30. Re1 b4 31. Bd2 Rac8 32. Qd3 Nc4 33. Bc1 Nd6 34. b3 Rc3 35. Qd1 Kh7 36. Bb2 Rc7 37. Kg1 Rce7 38. Qd3 Qf4 39. Bc1 Qf6 40. Bd2 Rc8 41. Nh2 Qh4 42. Ng4 Nf7 43. Rf1 Kg8 44. d6 Rd7 45. Qd5 Qh5 46. Rf5 Qg6 47. Nxe5 Rxd6 48. Nxg6 Rxd5 49. Rxd5 Re8 50. Rxa5 Kh7 51. Nf4 Rxe4 52. Nd5 Ne5 53. Nxb4 Re2 54. Bc3 Ng6 55. Ra7 Ne7 56. Nc6 Nd5 57. Bd4 1-0

[Event "World ol U16"]
[Site "Poprad"]
[Date "2016.07.27"]
[Round "6.4"]
[White "Radenic, Filip"]
[Black "Lee, Jun Wei"]
[Result "0-1"]
[WhiteElo "2083"]
[BlackElo "1856"]
[PlyCount "94"]
[EventDate "2016.07.22"]
[EventType "team-swiss"]
[EventRounds "9"]
[EventCountry "SVK"]
[SourceTitle "EXT 2017"]
[Source "ChessBase"]
[SourceDate "2016.10.25"]
[SourceVersion "1"]
[SourceVersionDate "2016.10.25"]
[SourceQuality "1"]
[WhiteTeam "Croatia"]
[BlackTeam "Singapore"]
[WhiteTeamCountry "CRO"]
[BlackTeamCountry "SIN"]

1. c4 b6 2. Nf3 Bb7 3. e3 e6 4. Be2 f5 5. b3 Nf6 6. Bb2 Be7 7. 0-0 0-0 8. d3 Qe8 9. Nbd2 a5 10. a3 Na6 11. Bc3 h6 12. Qc2 d6 13. b4 axb4 14. axb4 e5 15. Ra2 c5 16. Rb1 Qd7 17. Rab2 Ra7 18. Rb3 Nb8 19. bxc5 bxc5 20. Qb2 Bxf3 21. Bxf3 Nc6 22. Rb7 Rxb7 23. Qxb7 Nd8 24. Bd5+ Kh7 25. Qa6 Qe8 26. Rb8 Nxd5 27. cxd5 Qf7 28. Qa8 e4 29. Ba5 f4 30. Nxe4 fxe3 31. f3 Bh4 32. Kf1 Qg6 33. Bxd8 e2+ 34. Kxe2 Qxg2+ 35. Kd1 Qf1+ 36. Kc2 Qe2+ 37. Nd2 Rxf3 38. Bxh4 Qxd3+ 39. Kc1 Qc3+ 40. Kd1 Re3 41. Rh8+ Kg6 42. Qa4 Qe5 43. Qc2+ Kh5 44. Bg3 Qxd5 45. Rf8 Rd3 46. Rf1 c4 47. Kc1 Qd4 0-1

[Event "Penang op 7th"]
[Site "Penang"]
[Date "2015.12.11"]
[Round "7"]
[White "Lee, Jun Wei"]
[Black "Chan, Kim Yew"]
[Result "1/2-1/2"]
[WhiteElo "1968"]
[BlackElo "1777"]
[PlyCount "48"]
[EventDate "2015.12.07"]
[EventType "swiss"]
[EventRounds "9"]
[EventCountry "MAS"]
[SourceTitle "CBM 169 Extra"]
[Source "ChessBase"]
[SourceDate "2015.12.18"]
[SourceVersion "1"]
[SourceVersionDate "2015.12.18"]
[SourceQuality "1"]

1. d4 Nf6 2. Bg5 e6 3. e4 h6 4. Bxf6 Qxf6 5. Nc3 c5 6. e5 Qd8 7. d5 Qb6 8. Bc4 Be7 9. d6 Bd8 10. Nge2 Nc6 11. f4 Qb4 12. Qd3 Na5 13. b3 Nxc4 14. Qxc4 Qxc4 15. bxc4 b6 16. 0-0 f5 17. Rad1 Bb7 18. Rd3 g5 19. Rfd1 Rg8 20. Rh3 gxf4 21. Nxf4 Bg5 22. Nce2 Kf7 23. Kf2 Ba6 24. Rc3 Bb7 1/2-1/2

[Event "Penang op 7th"]
[Site "Penang"]
[Date "2015.12.07"]
[Round "1"]
[White "Lee, Jun Wei"]
[Black "Cuhendi, Sean Winshand"]
[Result "0-1"]
[WhiteElo "1968"]
[BlackElo "2450"]
[PlyCount "78"]
[EventDate "2015.12.07"]
[EventType "swiss"]
[EventRounds "9"]
[EventCountry "MAS"]
[SourceTitle "CBM 169 Extra"]
[Source "ChessBase"]
[SourceDate "2015.12.18"]
[SourceVersion "1"]
[SourceVersionDate "2015.12.18"]
[SourceQuality "1"]

1. d4 Nf6 2. c4 c5 3. d5 e5 4. Nc3 d6 5. e4 Nbd7 6. Bd3 Be7 7. Nge2 0-0 8. Qc2 a6 9. h3 Re8 10. Be3 Nf8 11. 0-0-0 Bd7 12. g4 b5 13. Ng3 bxc4 14. Be2 Bb5 15. Nf5 Ng6 16. Qd2 Nd7 17. h4 Nb6 18. g5 Bf8 19. Rdg1 Na4 20. h5 Nf4 21. Bxf4 exf4 22. Nxa4 Bxa4 23. Qxf4 c3 24. bxc3 Kh8 25. g6 Qf6 26. Rh3 Bb5 27. gxf7 Qxf7 28. Bg4 Rab8 29. Rf3 Qb7 30. Kd2 Bc4 31. Rc1 Bxd5 32. h6 Bxe4 33. hxg7+ Bxg7 34. Rh3 Qb2+ 35. Kd1 Bxf5 36. Qxf5 Re1+ 37. Kxe1 Qxc1+ 38. Ke2 Re8+ 39. Kf3 Rf8 0-1

[Event "World ol U16"]
[Site "Ulaanbaatar"]
[Date "2015.08.26"]
[Round "8.2"]
[White "Lee, Jun Wei"]
[Black "Kazakouski, Valery"]
[Result "0-1"]
[WhiteElo "1826"]
[BlackElo "2356"]
[PlyCount "64"]
[EventDate "2015.08.20"]
[EventType "team-swiss"]
[EventRounds "9"]
[EventCountry "MGL"]
[SourceTitle "EXT 2016"]
[Source "ChessBase"]
[SourceDate "2015.10.08"]
[SourceVersion "1"]
[SourceVersionDate "2015.10.08"]
[SourceQuality "1"]
[WhiteTeam "Singapore II"]
[BlackTeam "Belarus"]
[WhiteTeamCountry "SIN"]
[BlackTeamCountry "BLR"]

1. d4 e6 2. e4 d5 3. Nc3 Bb4 4. e5 c5 5. a3 Bxc3+ 6. bxc3 Nc6 7. Nf3 Qa5 8. Bd2 Qa4 9. Qb1 c4 10. Be2 Nge7 11. 0-0 b6 12. Ne1 Bd7 13. Bh5 0-0-0 14. f4 f6 15. Nf3 Be8 16. Bg4 f5 17. Bh3 h6 18. Qb2 Bh5 19. g3 g5 20. Bg2 Rdg8 21. Ne1 Be8 22. Bf3 gxf4 23. Bxf4 h5 24. Ng2 h4 25. Kf2 Ng6 26. Rh1 h3 27. Ne3 Nxf4 28. gxf4 Nxe5 29. Qc1 Ng6 30. Rb1 Qd7 31. Rb4 Qe7 32. Bxd5 Qh4+ 0-1

[Event "World ol U16"]
[Site "Ulaanbaatar"]
[Date "2015.08.25"]
[Round "6.2"]
[White "Boldoo, Erdenepurev"]
[Black "Lee, Jun Wei"]
[Result "1-0"]
[WhiteElo "2200"]
[BlackElo "1826"]
[PlyCount "65"]
[EventDate "2015.08.20"]
[EventType "team-swiss"]
[EventRounds "9"]
[EventCountry "MGL"]
[SourceTitle "EXT 2016"]
[Source "ChessBase"]
[SourceDate "2015.10.08"]
[SourceVersion "1"]
[SourceVersionDate "2015.10.08"]
[SourceQuality "1"]
[WhiteTeam "Mongolia A"]
[BlackTeam "Singapore II"]
[WhiteTeamCountry "MGL"]
[BlackTeamCountry "SIN"]

1. d4 e6 2. c4 b6 3. Nc3 Bb7 4. e4 Bb4 5. Bd3 f5 6. Qc2 Qh4 7. g3 Qh5 8. f3 Ne7 9. Bd2 Nbc6 10. Nce2 fxe4 11. fxe4 Qa5 12. a3 Bxd2+ 13. Qxd2 Qxd2+ 14. Kxd2 Na5 15. Rf1 d5 16. cxd5 exd5 17. e5 Nc4+ 18. Kc1 c5 19. Nf3 0-0 20. Ng5 cxd4 21. Bxh7+ Kh8 22. e6 Rf6 23. Nxd4 Rc8 24. Bc2 Nd6 25. Rf4 Ng6 26. Rg4 Ne4 27. Nxe4 dxe4 28. Kb1 Rd8 29. Rd1 e3 30. Re1 Ne5 31. Rh4+ Kg8 32. Rxe3 Nc4 33. Bh7+ 1-0

[Event "World ol U16"]
[Site "Ulaanbaatar"]
[Date "2015.08.22"]
[Round "3.2"]
[White "Lee, Jun Wei"]
[Black "Shi, Diwen"]
[Result "1/2-1/2"]
[WhiteElo "1826"]
[BlackElo "2194"]
[PlyCount "72"]
[EventDate "2015.08.20"]
[EventType "team-swiss"]
[EventRounds "9"]
[EventCountry "MGL"]
[SourceTitle "EXT 2016"]
[Source "ChessBase"]
[SourceDate "2015.10.08"]
[SourceVersion "1"]
[SourceVersionDate "2015.10.08"]
[SourceQuality "1"]
[WhiteTeam "Singapore II"]
[BlackTeam "Canada"]
[WhiteTeamCountry "SIN"]
[BlackTeamCountry "CAN"]

1. d4 Nf6 2. Bg5 d5 3. c4 e6 4. Nc3 Bb4 5. e3 0-0 6. cxd5 exd5 7. Bd3 h6 8. Bh4 c6 9. Qc2 Nbd7 10. Nf3 Re8 11. 0-0 Be7 12. Rfd1 Ne4 13. Bg3 Nxg3 14. hxg3 Bd6 15. a3 a5 16. Rab1 Qe7 17. Re1 Nf6 18. Nd2 Be6 19. Na4 Qc7 20. b4 axb4 21. axb4 Bd7 22. Rec1 Ng4 23. Nf1 Nf6 24. Nd2 Ng4 25. Nf1 Nf6 26. b5 cxb5 27. Qxc7 Bxc7 28. Nc5 Bd6 29. Bxb5 Bxb5 30. Rxb5 Bxc5 31. dxc5 Re7 32. Rcb1 Rc7 33. Nd2 Rac8 34. Rxb7 Rxc5 35. f3 Rc2 36. R7b2 R2c3 1/2-1/2

[Event "World ol U16"]
[Site "Ulaanbaatar"]
[Date "2015.08.21"]
[Round "2.2"]
[White "Ip, Weng Tou"]
[Black "Lee, Jun Wei"]
[Result "0-1"]
[WhiteElo "1392"]
[BlackElo "1826"]
[PlyCount "86"]
[EventDate "2015.08.20"]
[EventType "team-swiss"]
[EventRounds "9"]
[EventCountry "MGL"]
[SourceTitle "EXT 2016"]
[Source "ChessBase"]
[SourceDate "2015.10.08"]
[SourceVersion "1"]
[SourceVersionDate "2015.10.08"]
[SourceQuality "1"]
[WhiteTeam "Macau II"]
[BlackTeam "Singapore II"]
[WhiteTeamCountry "MAC"]
[BlackTeamCountry "SIN"]

1. e4 c5 2. Nf3 e6 3. Nc3 a6 4. a4 Nc6 5. d4 cxd4 6. Nxd4 Qc7 7. Be3 Nf6 8. f3 Bd6 9. g3 Bb4 10. Nde2 Ne5 11. Bg2 Nc4 12. Bc1 d5 13. 0-0 dxe4 14. fxe4 Bc5+ 15. Kh1 Ng4 16. Nd4 Nce3 17. Bxe3 Nxe3 18. Qd3 Nxf1 19. Rxf1 0-0 20. Nb3 Be7 21. Qe3 Bf6 22. g4 Bxc3 23. bxc3 e5 24. Qg3 Be6 25. Nd2 Rac8 26. Rf3 Qd7 27. Rd3 Qxa4 28. Qh4 Qa1+ 29. Nf1 Rxc3 30. Rd2 Qc1 31. Qg5 Rxc2 32. h3 Rxd2 33. Qxd2 Qxd2 34. Nxd2 a5 35. Bf1 a4 36. Nb1 Rc8 37. Kg2 Rc2+ 38. Kf3 Ba2 39. Bd3 Bxb1 40. Bb5 a3 41. Ba4 a2 42. Bb3 a1Q 43. Bd5 Qc3# 0-1

[Event "World ol U16"]
[Site "Ulaanbaatar"]
[Date "2015.08.20"]
[Round "1.2"]
[White "Lee, Jun Wei"]
[Black "Vaishali, Ramesh Babu"]
[Result "0-1"]
[WhiteElo "1826"]
[BlackElo "2307"]
[PlyCount "58"]
[EventDate "2015.08.20"]
[EventType "team-swiss"]
[EventRounds "9"]
[EventCountry "MGL"]
[SourceTitle "EXT 2016"]
[Source "ChessBase"]
[SourceDate "2015.10.08"]
[SourceVersion "1"]
[SourceVersionDate "2015.10.08"]
[SourceQuality "1"]
[WhiteTeam "Singapore II"]
[BlackTeam "India"]
[WhiteTeamCountry "SIN"]
[BlackTeamCountry "IND"]

1. d4 Nf6 2. Bg5 d5 3. c4 e6 4. Nc3 Be7 5. cxd5 exd5 6. Qc2 c6 7. e3 Nbd7 8. Bd3 Nf8 9. Nf3 Ne6 10. Bh4 g6 11. Ne2 0-0 12. 0-0 Re8 13. Ne5 Ng7 14. Ng3 Ng4 15. Bxe7 Qxe7 16. Nxg4 Bxg4 17. Rfe1 h5 18. Ne2 h4 19. h3 Bf5 20. Nf4 Qg5 21. Qb3 Re7 22. Rac1 Rae8 23. a4 Bxd3 24. Nxd3 Nf5 25. Qb4 Kg7 26. a5 a6 27. Nc5 Nxe3 28. fxe3 Rxe3 29. Rcd1 Re2 0-1

[Event "ASEAN-ch U14 15th"]
[Site "Taipa"]
[Date "2014.06.09"]
[Round "9"]
[White "Lee, Jun Wei"]
[Black "Le, Quang Vinh"]
[Result "0-1"]
[WhiteElo "1702"]
[BlackElo "1816"]
[PlyCount "84"]
[EventDate "2014.06.04"]
[EventType "swiss"]
[EventRounds "9"]
[EventCountry "MAC"]
[SourceTitle "CBM 160 Extra"]
[Source "ChessBase"]
[SourceDate "2014.07.01"]
[SourceVersion "1"]
[SourceVersionDate "2014.07.01"]
[SourceQuality "1"]

1. e4 e6 2. d3 d5 3. Nd2 c5 4. Ngf3 Nc6 5. g3 Bd6 6. Bg2 Nge7 7. 0-0 0-0 8. Re1 d4 9. e5 Bc7 10. a4 Nd5 11. h4 f6 12. exf6 Nxf6 13. Nc4 h6 14. Nfe5 Nxe5 15. Nxe5 Nd5 16. Qe2 Nb4 17. Nc4 Qf6 18. Nd2 e5 19. Ne4 Qe7 20. c3 Nc6 21. Qc2 Bg4 22. Nd2 Qf7 23. Nb3 Bd6 24. Rf1 Bf5 25. Nd2 Rad8 26. Ne4 Be7 27. f4 Qg6 28. Kh2 c4 29. Qe2 cxd3 30. Qxd3 Kh8 31. Qe2 d3 32. Qe3 exf4 33. Rxf4 Ne5 34. Nf2 Bd6 35. Bd2 Rfe8 36. Be4 Bxe4 37. Qxe4 Qxe4 38. Nxe4 Nc4 39. Nxd6 Re2+ 40. Kg1 Nxd6 41. Be1 d2 42. Bf2 Nc4 0-1